| 000 | 00596nam a22001937a 4500 | ||
|---|---|---|---|
| 999 |
_c15891 _d15891 |
||
| 003 | AR-CdUCM | ||
| 008 | 190430b ||||| |||| 00| 0 spa d | ||
| 040 |
_aMUNICIPALIDAD PROVINCIAL DEL CUSCO _cBIBLIOTECA MUNICIPAL DEL CUSCO |
||
| 082 |
_a396 / _bL86 |
||
| 100 |
_aLombroso, Gina _935096 |
||
| 245 |
_aEl alma de la mujer : _breflexiones / |
||
| 260 |
_aSantiago de Chile : _bCultura, _c1933. |
||
| 300 |
_a200 páginas ; _c19 cm. |
||
| 440 |
_aHombres e ideas ; _927967 |
||
| 650 |
_aMujeres _93760 |
||
| 650 |
_aCondiciones sociales _91132 |
||
| 942 |
_2ddc _cLIBROS |
||
| 945 |
_aacv _d2019-04-30 |
||